| 000 | 00651nam a2200205 a 4500 | ||
|---|---|---|---|
| 005 | 20140310183439.0 | ||
| 008 | 080403s19uu xx 00 eng d | ||
| 020 | _a0753714775 | ||
| 050 |
_aAG 243 _b.H245 2006 |
||
| 100 | _aHarrison, Ian | ||
| 245 |
_aThe book of lasts : _bthe stories behind the endings that changed the world / _cIan Harrison. |
||
| 260 |
_aLondon : _bOctopus Publishing Group, _c2006. |
||
| 300 |
_a288 p. : _c30 cm. |
||
| 650 | _aCuriosities and wonders. | ||
| 650 |
_aWorlds records _xMiscellanea. |
||
| 650 | _aClosure rhetoric. | ||
| 700 | _aGene, Cernan, the Last Man on the Moon | ||
| 942 |
_cBK _2lcc |
||
| 999 |
_c23040 _d23040 |
||